000 00513nam a22001937a 4500
005 20251108170915.0
008 250721s1985 xx 000 0 ara d
082 1 4 _aط/551.6/أصق
100 1 _aالخياط، محمد هيثم
_eترجمة
245 1 0 _aأصقاع العالم /
250 _aط2
264 1 _aجنيف :
_bميدليفانت،
_c1985.
300 _a45ص
490 0 _aملامح العلوم
650 1 7 _aالمناخ
650 1 7 _aالطقس
942 _2ddc
_cBK
999 _c51830
_d51830